01487nam a2200385 i 450000100060000000300080000600500170001400600190003100700150005000800410006503500230010603500240012903500250015303500210017804000310019905000230023008000100025308200150026310000360027824501660031426400490048030000620052933600310059133700330062233800430065550000940069850400290079258801250082165000270094665000170097365000120099065100100100265500270101285600620103937776FlNmELB20241216221528.0m o d | cr cnu||||||||170315s2015 cu a ob 000 0 spa d a(MiAaPQ)EBC4794660 a(Au-PeEL)EBL4794660 a(CaPaEBR)ebr11335324 a(OCoLC)992014709 aFINmELBbspaerdacFINmELB 4aS592.16bH558 2015 a631.40 a631.442231 aHernández Jiménez, Alberto.10aPropuesta de clasificación de suelos de Cuba sobre la base de resultados edafológicos internacionales y nacionales /coptante: Alberto Hernández Jiménez. 1aLa Habana :bEditorial Universitaria,c2015. a1 recurso en línea (ix, 287 páginas) :bilustraciones atextobtxt2rdacontent/spa acomputadorabc2rdamedia/spa arecurso en líneabcr2rdacarrier/spa aTesis (Doctor en Ciencias Agrícolas)--Instituto Nacional de Ciencias Agrícolas, 2015. aContiene bibliografía. aDescripción basada en recurso en línea; Título de la página del título en PDF (e-libro, visto March 15, 2017). 0aSoilsxClassification. 0aSoilszCuba. 4aSuelos. 4aCuba. 4aLibros electrónicos.40uhttps://elibro.net/ereader/politecnicointernacional/86427